Statistics for Naruto: Kage (and Kage related) Shinobi

Click here to take the quiz!

General Stats

  • This quiz has been taken 1,102 times
  • The average score is 17 of 32

Answer Stats

HintAnswer% Correct
First HokageHashirama Senju
98%
Fourth HokageMinato Namikaze
97%
Third HokageHiruzen Sarutobi
96%
The one who was intended to be First HokageMadara Uchiha
96%
Second HokageTobirama Senju
96%
Sixth HokageKakashi Hatake
81%
Fifth HokageTsunade
81%
Seventh HokageNaruto Uzumaki
80%
Fifth KazekageGaara
71%
Sixth Hokage CandidateDanzo Shimura
70%
Prime candidate for the position of Fourth HokageOrochimaru
61%
Next candidate for the position of Fourth (and later position of Fifth Hokage)Jiraiya
60%
Fourth RaikageA
57%
Fifth MizukageMei Terumi
54%
Third RaikageA
51%
Fifth RaikageDarui
50%
Third TsuchikageOnoki
50%
First RaikageA
47%
Second RaikageA
46%
The one who controlled Fourth MizukageObito Uchiha
43%
Fourth MizukageYagura
41%
Sixth MizukageChojuro
40%
Fourth Kazekage ImpersonatorOrochimaru
39%
Fourth KazekageRasa
38%
Second TsuchikageMu
33%
Fourth TsuchikageKurotsuchi
30%
Second MizukageGengetsu Hozuki
22%
Fourth Hokage (Road to ninja Genjutsu world)Kizashi Haruno
20%
First KazekageReto
18%
First MizukageByakuren
17%
Second KazekageShamon
17%
First TsuchikageIshikawa
12%

Score Distribution

Percentile by Number Answered

Percent of People with Each Score

Your Score History

You have not taken this quiz